| 000 | 01398cam a2200349 a 4500 | ||
|---|---|---|---|
| 001 | 4458174 | ||
| 003 | NUST-PNEC | ||
| 005 | 20170116180713.0 | ||
| 008 | 950310s1995 flu f 000 0 eng d | ||
| 010 | _a 95134783 | ||
| 020 | _a0849337097 | ||
| 035 | _a(OCoLC)32124850 | ||
| 040 |
_aNRRI _cNRRI _dDLC |
||
| 042 | _alccopycat | ||
| 050 | 0 | 0 |
_aTA403.4 _b.S482 1995 |
| 082 | 0 | 0 | _a620.112 SHA |
| 100 | 1 | _aShackelford, James F. | |
| 245 | 1 | 0 |
_aCRC practical handbook of materials selection / _cJames F. Shackelford, William Alexander, Jun S. Park. |
| 246 | 1 | 0 | _aMaterials selection |
| 260 |
_aBoca Raton : _bCRC Press, _cc1995. |
||
| 300 |
_axii, 625 p. ; _c26 cm. |
||
| 500 | _ahttp://www.amazon.com/CRC-Practical-Handbook-Materials-Selection/dp/0849337097/ref=sr_1_1?s=books&ie=UTF8&qid=1413375145&sr=1-1&keywords=0849337097 | ||
| 500 | _aCompanion vol. to: CRC materials science and engineering handbook, 2nd ed. | ||
| 650 | 0 |
_aMaterials _xME _xHandbooks, manuals, etc. |
|
| 700 | 1 |
_aAlexander, William, _d1950 February 13- |
|
| 700 | 1 | _aPark, Jun S. | |
| 740 | 0 | _aCRC materials science and engineering handbook, 2nd ed. | |
| 856 | 4 | 2 |
_3Publisher description _uhttp://www.loc.gov/catdir/enhancements/fy0744/95134783-d.html |
| 906 |
_a7 _bcbc _ccopycat _d2 _encip _f19 _gy-gencatlg |
||
| 942 |
_2ddc _cBK |
||
| 999 |
_c61053 _d61053 |
||